[Event "Aust Junior Open "]
[Site "Perth "]
[Date "2004.01.24"]
[Round "10.26"]
[White "Scott, Christopher"]
[Black "Maguire, Jesse"]
[Result "1/2-1/2"]
[WhiteElo "857"]
[BlackElo "1321"]
[PlyCount "57"]
[EventDate "2004.01.14"]
[EventType "swiss"]
[EventRounds "11"]
[EventCountry "AUS"]

1. e4 e5 2. Nf3 Nc6 3. d4 exd4 4. Nxd4 Bc5 5. Be3 Qf6 6. c3 Nge7 7. Be2 O-O 8.
Qd2 Qg6 9. O-O Qxe4 10. Bf3 Qh4 11. Bg5 Nxd4 12. Bxh4 Nxf3+ 13. gxf3 Ng6 14.
Bg3 d6 15. Re1 f5 16. b4 Bb6 17. Qd5+ Kh8 18. Nd2 f4 19. Nc4 fxg3 20. Nxb6 g2
21. Re4 axb6 22. Rae1 Ne5 23. R4e3 Rb8 24. Kxg2 Bd7 25. Kf1 Bc6 26. Qb3 Bxf3
27. c4 Rf6 28. Rc1 Rbf8 29. Rc2 1/2-1/2

[Event "Aust Junior Open "]
[Site "Perth "]
[Date "2004.01.24"]
[Round "10.29"]
[White "Arnold, Matthew"]
[Black "Slack Smith, Blair"]
[Result "0-1"]
[WhiteElo "883"]
[BlackElo "1096"]
[PlyCount "85"]
[EventDate "2004.01.14"]
[EventType "swiss"]
[EventRounds "11"]
[EventCountry "AUS"]

1. c4 e5 2. Nc3 Nf6 3. d3 d5 4. Nxd5 Nxd5 5. cxd5 Qxd5 6. e4 Qd8 7. Ne2 Bc5 8.
Be3 Bb4+ 9. Nc3 O-O 10. a3 Be7 11. g3 b6 12. Bg2 c5 13. O-O Bb7 14. f4 Nc6 15.
f5 Bg5 16. Bxg5 Qxg5 17. Qc1 Qxc1 18. Raxc1 Rfd8 19. Rcd1 Ne7 20. f6 Nc6 21.
fxg7 Kxg7 22. Bh3 Ne7 23. Bf5 Ba6 24. Bxh7 Rxd3 25. Rxd3 Bxd3 26. Rf3 Rd8 27.
Bf5 Nxf5 28. Rxf5 f6 29. h4 Rd4 30. Rf2 Bxe4 31. Nxe4 Rxe4 32. Rd2 Kg6 33. Rd7
Ra4 34. Kf2 a6 35. Rd6 Rd4 36. Rxb6 Kf5 37. Rxa6 Rd2+ 38. Kf3 Rxb2 39. a4 c4
40. a5 c3 41. Rc6 c2 42. g4+ Kg6 43. Ke2 0-1

[Event "Aust Junior Open "]
[Site "Perth "]
[Date "2004.01.24"]
[Round "10.30"]
[White "Humphries, Ryan"]
[Black "Ung, Josephine"]
[Result "1-0"]
[WhiteElo "1238"]
[BlackElo "332"]
[PlyCount "83"]
[EventDate "2004.01.14"]
[EventType "swiss"]
[EventRounds "11"]
[EventCountry "AUS"]

1. e4 c6 2. d4 d5 3. Nc3 dxe4 4. Nxe4 Bf5 5. Ng3 Bg6 6. N1e2 h6 7. Nf4 Bh7 8.
Bc4 Nf6 9. O-O Nbd7 10. Re1 e6 11. Qe2 Be7 12. Nxe6 fxe6 13. Qxe6 Bg8 14. Qd6
Bxc4 15. Nf5 Nd5 16. Qg6+ Kf8 17. Qxg7+ Ke8 18. Qxh8+ Nf8 19. Qxh6 Kd7 20. Nxe7
Nxe7 21. b3 Be6 22. Qf6 Bd5 23. Bg5 Nfg6 24. h4 Qf8 25. h5 Qxf6 26. Bxf6 Nf8
27. Rxe7+ Kd8 28. h6 Ng6 29. Rg7+ Ke8 30. h7 Bf7 31. Rxg6 Kd7 32. Rg7 Ke6 33.
Rxf7 Kxf7 34. h8=Q Rxh8 35. Bxh8 Ke7 36. g4 Kf7 37. f4 Kg6 38. f5+ Kf7 39. g5
b5 40. g6+ Ke7 41. f6+ Kf8 42. Bg7+ 1-0

[Event "Aust Junior Open "]
[Site "Perth "]
[Date "2004.01.25"]
[Round "11.1"]
[White "Yu, Michael"]
[Black "Bourmistrov, Denis"]
[Result "0-1"]
[WhiteElo "1736"]
[BlackElo "2030"]
[PlyCount "58"]
[EventDate "2004.01.14"]
[EventType "swiss"]
[EventRounds "11"]
[EventCountry "AUS"]

1. Nf3 d6 2. c4 g6 3. g3 Bg7 4. Bg2 e5 5. O-O f5 6. d3 Nf6 7. Nc3 a5 8. Rb1 O-O
9. Bg5 h6 10. Bxf6 Bxf6 11. a3 Nd7 12. b4 e4 13. dxe4 Bxc3 14. Nh4 Qf6 15. exf5
gxf5 16. Rb3 a4 17. Rxc3 Qxc3 18. Qd5+ Kh7 19. Nxf5 Nf6 20. Qb5 c6 21. Qb6 Bxf5
22. Qxb7+ Kh8 23. Qxc6 Qd4 24. e3 Qe5 25. Rd1 Rfd8 26. Rd4 Rac8 27. Qxa4 Rxc4
28. Bf1 Rc1 29. Rd1 Rdc8 0-1

[Event "Aust Junior Open "]
[Site "Perth "]
[Date "2004.01.25"]
[Round "11.2"]
[White "Stojic, Dusan"]
[Black "Chow, Sam"]
[Result "1/2-1/2"]
[WhiteElo "1863"]
[BlackElo "2130"]
[PlyCount "104"]
[EventDate "2004.01.14"]
[EventType "swiss"]
[EventRounds "11"]
[EventCountry "AUS"]

1. Nf3 Nf6 2. g3 g6 3. Bg2 Bg7 4. O-O O-O 5. d3 d5 6. Nbd2 c5 7. e4 Nc6 8. c3
e5 9. Qb3 b6 10. Re1 Re8 11. exd5 Na5 12. Qa4 Nxd5 13. Nc4 Bd7 14. Qa3 Nxc4 15.
dxc4 e4 16. Ng5 Nf6 17. Nxe4 Bc6 18. Bg5 Rc8 19. Qxa7 Rxe4 20. Bxe4 Ra8 21.
Bxf6 Bxf6 22. Bxc6 Rxa7 23. Re8+ Qxe8 24. Bxe8 Re7 25. Bc6 Re2 26. Rb1 Bg5 27.
Kf1 Rd2 28. Ke1 Bh6 29. a4 Kg7 30. b4 Ra2 31. f4 g5 32. fxg5 Bxg5 33. Rb3 Be3
34. Kd1 Rd2+ 35. Ke1 Rxh2 36. a5 bxa5 37. bxa5 Ra2 38. Rb7 Bf2+ 39. Kd1 Bxg3
40. Bd5 Rxa5 41. Rxf7+ Kg6 42. Ke2 Ra2+ 43. Ke3 h5 44. Rf8 Be5 45. Rc8 Ra5 46.
Ra8 Rxa8 47. Bxa8 Kg5 48. Kf3 h4 49. Kg2 Kg4 50. Bd5 h3+ 51. Kh1 Kg3 52. Be6
Bxc3 1/2-1/2

[Event "Aust Junior Open "]
[Site "Perth "]
[Date "2004.01.25"]
[Round "11.3"]
[White "Oliver, Gareth"]
[Black "Wei, Michael"]
[Result "0-1"]
[WhiteElo "1844"]
[BlackElo "1870"]
[PlyCount "94"]
[EventDate "2004.01.14"]
[EventType "swiss"]
[EventRounds "11"]
[EventCountry "AUS"]

1. d4 Nf6 2. Nf3 d5 3. c4 c6 4. Nc3 e6 5. e3 Nbd7 6. Bd3 dxc4 7. Bxc4 b5 8. Bd3
Bb7 9. O-O a6 10. e4 c5 11. e5 Nd5 12. Qe2 c4 13. Be4 N7b6 14. a3 Nxc3 15. bxc3
Bxe4 16. Qxe4 Qd5 17. Nd2 Na4 18. Qc2 Be7 19. Ne4 h6 20. Re1 Kd7 21. Bf4 Nb6
22. Qb2 Qc6 23. Bd2 Rhb8 24. Qc2 a5 25. Qd1 Nd5 26. Qf3 Ke8 27. g4 b4 28. axb4
axb4 29. cxb4 Rxa1 30. Rxa1 Ra8 31. Rxa8+ Qxa8 32. Kg2 Qa1 33. Bc3 Qb1 34. Bd2
Qb3 35. h3 g5 36. Kg3 Nxb4 37. Nc5 Qxf3+ 38. Kxf3 Bxc5 39. dxc5 Na2 40. h4 c3
41. Be3 gxh4 42. Bxh6 c2 43. Kg2 c1=Q 44. Bxc1 Nxc1 45. Kh3 Nd3 46. Kxh4 Nxf2
47. c6 Nd3 0-1

[Event "Aust Junior Open "]
[Site "Perth "]
[Date "2004.01.25"]
[Round "11.4"]
[White "Neeman, Jeremy"]
[Black "Suttor, Vincent"]
[Result "0-1"]
[WhiteElo "1548"]
[BlackElo "1828"]
[PlyCount "58"]
[EventDate "2004.01.14"]
[EventType "swiss"]
[EventRounds "11"]
[EventCountry "AUS"]

1. e4 c5 2. Nf3 d6 3. d4 cxd4 4. Nxd4 Nf6 5. Nc3 g6 6. Be3 Bg7 7. f3 O-O 8. Qd2
Nc6 9. Bc4 Bd7 10. O-O-O Rc8 11. Bb3 Ne5 12. Kb1 Re8 13. g4 Qa5 14. h4 b5 15.
h5 Nc4 16. Bxc4 bxc4 17. hxg6 fxg6 18. Qh2 Kf7 19. g5 Nh5 20. Qe2 Ng3 21. Qh2
Nxh1 22. Qf4+ Kg8 23. Rxh1 e5 24. Qh4 exd4 25. Qxh7+ Kf8 26. Rh4 Qe5 27. Nd5
dxe3 28. Rf4+ Bf5 29. exf5 Qxb2# 0-1

[Event "Aust Junior Open "]
[Site "Perth "]
[Date "2004.01.25"]
[Round "11.5"]
[White "Wang, Zhengbo"]
[Black "Stojic, Svetozar"]
[Result "0-1"]
[WhiteElo "1684"]
[BlackElo "1700"]
[PlyCount "44"]
[EventDate "2004.01.14"]
[EventType "swiss"]
[EventRounds "11"]
[EventCountry "AUS"]

1. e4 c5 2. Nc3 Nc6 3. Bc4 g6 4. f4 Bg7 5. Nf3 e6 6. O-O Nge7 7. d3 d5 8. Bb3
O-O 9. Qe1 Rb8 10. Qh4 b5 11. f5 gxf5 12. exd5 exd5 13. a4 b4 14. Ne2 Ng6 15.
Qg3 Ba6 16. Bg5 Qb6 17. a5 Nxa5 18. Bxd5 c4+ 19. Qf2 cxd3 20. Nf4 dxc2 21. Nxg6
hxg6 22. Be3 Qd8 0-1

[Event "Aust Junior Open "]
[Site "Perth "]
[Date "2004.01.25"]
[Round "11.6"]
[White "Obst, James"]
[Black "Wongwitchit, Phachara"]
[Result "0-1"]
[WhiteElo "1539"]
[BlackElo "1773"]
[PlyCount "46"]
[EventDate "2004.01.14"]
[EventType "swiss"]
[EventRounds "11"]
[EventCountry "AUS"]

1. e4 c5 2. c3 e6 3. d4 d5 4. e5 Nc6 5. Nf3 Qb6 6. Bd3 Bd7 7. dxc5 Bxc5 8. O-O
a5 9. a4 Nge7 10. Qe2 Ng6 11. Na3 O-O 12. h4 f5 13. exf6 Rxf6 14. Bg5 Nf4 15.
Qd2 Nh3+ 16. Kh2 Qc7+ 17. g3 Rxf3 18. Kxh3 Raf8 19. Bf4 R8xf4 20. Be2 e5+ 21.
Kg2 Rxf2+ 22. Rxf2 Rxf2+ 23. Kh1 Ne7 0-1

[Event "Aust Junior Open "]
[Site "Perth "]
[Date "2004.01.25"]
[Round "11.8"]
[White "Song, Raymond"]
[Black "Ly, Moulthun"]
[Result "0-1"]
[WhiteElo "1790"]
[BlackElo "1646"]
[PlyCount "96"]
[EventDate "2004.01.14"]
[EventType "swiss"]
[EventRounds "11"]
[EventCountry "AUS"]

1. d4 Nf6 2. Bg5 e6 3. e4 h6 4. Bxf6 Qxf6 5. Nc3 Bb4 6. Qd2 c5 7. a3 Bxc3 8.
bxc3 cxd4 9. cxd4 Nc6 10. c3 d6 11. Bc4 O-O 12. Ne2 a6 13. Rb1 b5 14. Bd3 Bd7
15. O-O Rfc8 16. f4 Na5 17. Rb4 Nc6 18. Rbb1 Na5 19. Ng3 Nc4 20. Bxc4 Rxc4 21.
Rb4 Rc7 22. Rd1 Rac8 23. Rc1 a5 24. Rbb1 e5 25. Ne2 Qe7 26. Kh1 exd4 27. Nxd4
Qxe4 28. Nxb5 Bxb5 29. Rxb5 Qa4 30. Qd5 Qxa3 31. Rd1 a4 32. Rb4 Rxc3 33. Rb7
R3c7 34. Rxc7 Rxc7 35. h3 Rc1 36. Qa8+ Kh7 37. Qe4+ g6 38. Rxc1 Qxc1+ 39. Kh2
a3 40. f5 a2 41. fxg6+ Kg7 42. Qd4+ Kxg6 43. Qd3+ Kg7 44. Qd4+ Kg8 45. Qg4+ Qg5
46. Qc8+ Kg7 47. Qa6 Qe5+ 48. g3 a1=Q 0-1

[Event "Aust Junior Open "]
[Site "Perth "]
[Date "2004.01.25"]
[Round "11.9"]
[White "Lugo, Ruperto"]
[Black "Huang, Justin"]
[Result "1/2-1/2"]
[WhiteElo "1697"]
[BlackElo "1596"]
[PlyCount "70"]
[EventDate "2004.01.14"]
[EventType "swiss"]
[EventRounds "11"]
[EventCountry "AUS"]

1. d4 d5 2. c4 c6 3. Nc3 Nf6 4. Nf3 dxc4 5. a4 Bf5 6. Ne5 Nbd7 7. Nxc4 Nd5 8.
Nxd5 cxd5 9. Ne3 Be6 10. g3 Nf6 11. Bg2 g6 12. O-O Bg7 13. Qd3 Qd7 14. b3 O-O
15. Ba3 Rac8 16. Rac1 Rfe8 17. a5 Bh3 18. Rxc8 Qxc8 19. Rc1 Qd7 20. Bc5 Bxg2
21. Kxg2 Rc8 22. Rc2 a6 23. Ba3 e6 24. Kf1 Bf8 25. Bxf8 Kxf8 26. f3 Rc6 27. Qd2
Qc7 28. Qb4+ Ke8 29. Qa4 Nd7 30. Rxc6 Qxc6 31. Qxc6 bxc6 32. Ke1 e5 33. dxe5
Nxe5 34. Kd2 Ke7 35. f4 Nd7 1/2-1/2

[Event "Aust Junior Open "]
[Site "Perth "]
[Date "2004.01.25"]
[Round "11.10"]
[White "Kimura, Toshi"]
[Black "Jager, Jesse"]
[Result "0-1"]
[WhiteElo "1723"]
[BlackElo "1598"]
[PlyCount "84"]
[EventDate "2004.01.14"]
[EventType "swiss"]
[EventRounds "11"]
[EventCountry "AUS"]

1. Nf3 c5 2. g3 g6 3. Bg2 Bg7 4. d3 Nc6 5. e4 e6 6. O-O Nge7 7. Nbd2 O-O 8. c3
Rb8 9. Qe2 d6 10. Nb3 e5 11. Be3 f5 12. exf5 gxf5 13. Bg5 Qe8 14. Rfe1 Qh5 15.
Bxe7 Nxe7 16. Nfd4 Qg6 17. Nc2 Be6 18. Rad1 f4 19. Be4 Qg5 20. h4 Qh6 21. Qd2
Bf6 22. f3 Kh8 23. Kg2 Bxb3 24. axb3 d5 25. Bxh7 Kxh7 26. g4 Ng6 27. h5 Ne7 28.
Ra1 a6 29. b4 cxb4 30. Nxb4 Rbd8 31. Qc2 d4 32. Ra5 Qg5 33. Qf2 Nf5 34. Re4
Ne3+ 35. Kh3 Rg8 36. Rxe3 dxe3 37. Qe1 Qg7 38. Qe2 Be7 39. Nc2 Qg5 40. Ne1 Qh4+
41. Kg2 Qg3+ 42. Kh1 Bh4 0-1

[Event "Aust Junior Open "]
[Site "Perth "]
[Date "2004.01.25"]
[Round "11.11"]
[White "Hu, Jason"]
[Black "Ikeda, Junta"]
[Result "0-1"]
[WhiteElo "1590"]
[BlackElo "1705"]
[PlyCount "80"]
[EventDate "2004.01.14"]
[EventType "swiss"]
[EventRounds "11"]
[EventCountry "AUS"]

1. d4 d5 2. Nf3 c5 3. c3 e6 4. e3 Nc6 5. Bd3 Nf6 6. O-O Bd6 7. Nbd2 O-O 8. e4
cxd4 9. cxd4 dxe4 10. Nxe4 Be7 11. Nxf6+ Bxf6 12. Be3 g6 13. Be2 Qd6 14. Qd2 b6
15. Rfd1 Bb7 16. Rac1 Rac8 17. Bf4 Qd7 18. Bb5 Rfd8 19. Qe3 Qd5 20. Bc4 Qf5 21.
Bd3 Qa5 22. Bc4 Qf5 23. h3 Ne7 24. g4 Qe4 25. Qxe4 Bxe4 26. Ne5 Bxe5 27. Bxe5
Bf3 28. Re1 Nc6 29. Ba6 Nxe5 30. Rxc8 Rxc8 31. Bxc8 Nc6 32. Kh2 Nxd4 33. Kg3
Bd5 34. a3 Kf8 35. Ba6 Nb3 36. Re3 Nc5 37. Bd3 Ke7 38. b4 Nd7 39. Be4 Bc4 40.
Rc3 b5 {...} 0-1

[Event "Aust Junior Open "]
[Site "Perth "]
[Date "2004.01.25"]
[Round "11.12"]
[White "Ferris, Shaun"]
[Black "Yu, Chris"]
[Result "1-0"]
[WhiteElo "1641"]
[BlackElo "1589"]
[PlyCount "33"]
[EventDate "2004.01.14"]
[EventType "swiss"]
[EventRounds "11"]
[EventCountry "AUS"]

1. c4 e5 2. Nc3 g6 3. Nf3 Bg7 4. e3 Ne7 5. d4 exd4 6. exd4 d5 7. Bg5 dxc4 8.
Bxc4 Bg4 9. O-O f6 10. h3 Bd7 11. Bf4 c6 12. Re1 Qb6 13. Qe2 Bf8 14. Bd6 Qd8
15. Ne4 Nd5 16. Neg5+ Ne7 17. Bf7# 1-0

[Event "Aust Junior Open "]
[Site "Perth "]
[Date "2004.01.25"]
[Round "11.13"]
[White "Zvedeniouk, Ilia"]
[Black "Sreetharan, Kishore"]
[Result "1-0"]
[WhiteElo "1922"]
[BlackElo "1509"]
[PlyCount "41"]
[EventDate "2004.01.14"]
[EventType "swiss"]
[EventRounds "11"]
[EventCountry "AUS"]

1. e4 d5 2. exd5 Nf6 3. d4 Bg4 4. Be2 Bxe2 5. Qxe2 Qxd5 6. Nf3 Nbd7 7. O-O
O-O-O 8. c4 Qh5 9. Nc3 h6 10. c5 g5 11. c6 Nb6 12. a4 Nbd5 13. cxb7+ Kb8 14.
Qb5 Nf4 15. Ne5 Rd6 16. Bxf4 gxf4 17. Nc6+ Rxc6 18. Qxc6 Rg8 19. Kh1 e6 20. Nb5
Nd5 21. Qa6 1-0

[Event "Aust Junior Open "]
[Site "Perth "]
[Date "2004.01.25"]
[Round "11.14"]
[White "Cronan, James"]
[Black "Vijaykumar, Rukman"]
[Result "1/2-1/2"]
[WhiteElo "1760"]
[BlackElo "1577"]
[PlyCount "52"]
[EventDate "2004.01.14"]
[EventType "swiss"]
[EventRounds "11"]
[EventCountry "AUS"]

1. Nf3 Nf6 2. d4 d5 3. g3 c5 4. Bg2 Bf5 5. O-O e6 6. c4 Nc6 7. Qa4 Be7 8. a3
O-O 9. dxc5 Bxc5 10. b4 Bd6 11. Bb2 a6 12. Nbd2 dxc4 13. b5 axb5 14. Qxb5 c3
15. Bxc3 Rxa3 16. Rxa3 Bxa3 17. Qxb7 Qc8 18. Qb3 Be7 19. Qb2 h6 20. Nd4 Nxd4
21. Bxd4 Qc2 22. Qxc2 Bxc2 23. Rc1 Bg6 24. Rc7 Re8 25. Nb3 Bd6 26. Rb7 Rb8
1/2-1/2

[Event "Aust Junior Open "]
[Site "Perth "]
[Date "2004.01.25"]
[Round "11.15"]
[White "Wallis, Christopher"]
[Black "Chapman, Mark"]
[Result "0-1"]
[WhiteElo "1430"]
[BlackElo "1639"]
[PlyCount "66"]
[EventDate "2004.01.14"]
[EventType "swiss"]
[EventRounds "11"]
[EventCountry "AUS"]

1. d4 Nf6 2. Bg5 Ne4 3. Bf4 d5 4. e3 c5 5. Bd3 cxd4 6. Bxe4 dxe4 7. Qxd4 Qxd4
8. exd4 Nc6 9. Ne2 g6 10. Nbc3 Bg4 11. h3 Bxe2 12. Nxe2 Nb4 13. Kd2 Rc8 14. c3
Nd5 15. Bg3 Bh6+ 16. Kd1 O-O 17. a3 f5 18. Re1 f4 19. Bh2 f3 20. Ng3 e3 21.
gxf3 Rxf3 22. Nf1 Rxf2 23. Bg1 e2+ 24. Rxe2 Rxf1+ 25. Re1 Rcf8 26. Kc2 Rxe1 27.
Rxe1 Rf5 28. c4 Nb6 29. c5 Nd5 30. Kd3 Kf7 31. Kc4 e6 32. b4 Rf3 33. Ra1 a6 0-1

[Event "Aust Junior Open "]
[Site "Perth "]
[Date "2004.01.25"]
[Round "11.16"]
[White "Oliver, Shannon"]
[Black "Kaspar, Ric"]
[Result "1/2-1/2"]
[WhiteElo "1580"]
[BlackElo "1436"]
[PlyCount "83"]
[EventDate "2004.01.14"]
[EventType "swiss"]
[EventRounds "11"]
[EventCountry "AUS"]

1. e4 c6 2. d4 d5 3. Nc3 dxe4 4. Nxe4 Bf5 5. Ng3 Bg6 6. h4 h6 7. Nf3 Nd7 8. h5
Bh7 9. Bd3 Bxd3 10. Qxd3 Ngf6 11. Bd2 Qc7 12. O-O-O O-O-O 13. Qe2 e6 14. Ne5
Nxe5 15. dxe5 Nd5 16. c4 Ne7 17. f4 c5 18. Ne4 Nf5 19. g4 Nd4 20. Qe3 Be7 21.
Bc3 f5 22. exf6 gxf6 23. Kb1 e5 24. fxe5 fxe5 25. g5 hxg5 26. Nxg5 Bf6 27. Qh3+
Kb8 28. Ne4 Bg7 29. Bd2 Bh6 30. Nf6 Qf7 31. Bxh6 Rxh6 32. Nd5 Rdh8 33. Qf1 Qh7+
34. Qd3 Qxd3+ 35. Rxd3 Rxh5 36. Rf1 Rh2 37. Rg3 Rc2 38. Rg4 Ne2 39. Rfg1 a6 40.
Rg8+ Rxg8 41. Rxg8+ Ka7 42. b3 {...} 1/2-1/2

[Event "Aust Junior Open "]
[Site "Perth "]
[Date "2004.01.25"]
[Round "11.17"]
[White "Muthusamy, Reubban"]
[Black "Vishwanath, Ganesh"]
[Result "1-0"]
[WhiteElo "1389"]
[BlackElo "1551"]
[PlyCount "73"]
[EventDate "2004.01.14"]
[EventType "swiss"]
[EventRounds "11"]
[EventCountry "AUS"]

1. e4 c5 2. Nf3 d6 3. c3 Nf6 4. Be2 g6 5. O-O Bg7 6. Bb5+ Bd7 7. Bxd7+ Qxd7 8.
Re1 O-O 9. d4 Na6 10. Bf4 Rac8 11. a3 Qb5 12. Qe2 Qb3 13. d5 Nc7 14. a4 Nd7 15.
a5 Ne5 16. Nxe5 dxe5 17. Be3 Qb5 18. c4 Qd7 19. Bxc5 Nxd5 20. Bxa7 Nf4 21. Qf1
f5 22. Nc3 Qd3 23. c5 Qxf1+ 24. Rxf1 Nd3 25. Nd5 Rf7 26. b4 e6 27. Rfd1 exd5
28. Rxd3 dxe4 29. Rd6 f4 30. Re1 e3 31. fxe3 fxe3 32. Rxe3 Rcf8 33. Rf3 Rxf3
34. gxf3 Rxf3 35. Rd8+ Bf8 36. c6 Rf7 37. Bc5 1-0

[Event "Aust Junior Open "]
[Site "Perth "]
[Date "2004.01.25"]
[Round "11.18"]
[White "van Dijk, Devrim"]
[Black "Levin, Joshua"]
[Result "1/2-1/2"]
[WhiteElo "1530"]
[BlackElo "1464"]
[PlyCount "51"]
[EventDate "2004.01.14"]
[EventType "swiss"]
[EventRounds "11"]
[EventCountry "AUS"]

1. d4 d5 2. c4 e6 3. Nc3 c5 4. cxd5 exd5 5. Nf3 Nc6 6. g3 Nf6 7. Bg2 Be7 8. O-O
O-O 9. Bg5 c4 10. Qc2 Be6 11. b3 cxb3 12. Qxb3 Rb8 13. Rfd1 Ne4 14. Bxe7 Nxe7
15. Ne5 Nxc3 16. Qxc3 Qb6 17. e3 Qd6 18. Rac1 Rfc8 19. Qb2 b6 20. Rd2 Bf5 21.
Rdd1 h6 22. Qb3 Be6 23. Qb2 Bf5 24. Qb3 Be6 25. h3 Rc7 26. Rxc7 1/2-1/2

[Event "Aust Junior Open "]
[Site "Perth "]
[Date "2004.01.25"]
[Round "11.19"]
[White "Rozells, Nathan"]
[Black "Colic, Igor"]
[Result "1-0"]
[WhiteElo "1497"]
[BlackElo "1332"]
[PlyCount "49"]
[EventDate "2004.01.14"]
[EventType "swiss"]
[EventRounds "11"]
[EventCountry "AUS"]

1. e4 e5 2. Nf3 Nf6 3. Nxe5 d6 4. Nf3 Nxe4 5. d4 d5 6. Bd3 Bd6 7. c4 c6 8. O-O
O-O 9. Nc3 Nxc3 10. bxc3 Be6 11. Ng5 h6 12. Nxe6 fxe6 13. Qg4 Qf6 14. Rb1 b6
15. f4 c5 16. Kh1 cxd4 17. cxd4 Na6 18. cxd5 Nc7 19. dxe6 Nxe6 20. Bc4 Rae8 21.
Re1 Qxd4 22. Bxe6+ Kh8 23. Bb2 Rxf4 24. Bxd4 Rxg4 25. Bxg4 1-0

[Event "Aust Junior Open "]
[Site "Perth "]
[Date "2004.01.25"]
[Round "11.21"]
[White "Haselgrove, Miles"]
[Black "Donaldson, Thomas"]
[Result "0-1"]
[WhiteElo "1434"]
[BlackElo "1520"]
[PlyCount "82"]
[EventDate "2004.01.14"]
[EventType "swiss"]
[EventRounds "11"]
[EventCountry "AUS"]

1. e4 Nf6 2. e5 Nd5 3. c4 Nb6 4. d4 d6 5. f4 g6 6. Be3 Bg7 7. Nf3 Bg4 8. Be2 c6
9. Nbd2 N8d7 10. h3 Bxf3 11. Nxf3 dxe5 12. fxe5 e6 13. O-O Qc7 14. b4 a5 15. a3
Nc8 16. Qd2 Ne7 17. Bh6 Bxh6 18. Qxh6 Nf5 19. Qd2 Ng3 20. Rfd1 Nxe2+ 21. Qxe2
Nb6 22. Ng5 axb4 23. axb4 Rxa1 24. Rxa1 Qd8 25. Nf3 O-O 26. c5 Nd5 27. Qc4 b6
28. Ra6 bxc5 29. bxc5 Qc7 30. Qa4 Rc8 31. Ng5 Qb7 32. Ra7 Qb1+ 33. Kh2 Qf5 34.
Nf3 Qf4+ 35. Kh1 Qc1+ 36. Kh2 Kg7 37. Qb3 Qf4+ 38. Kh1 Qg3 39. Qa2 Nf4 40. Ra3
Rb8 41. Rb3 Rxb3 0-1

[Event "Aust Junior Open "]
[Site "Perth "]
[Date "2004.01.25"]
[Round "11.22"]
[White "Tran, Christopher"]
[Black "Guo Yuthok, Sherab"]
[Result "0-1"]
[WhiteElo "1516"]
[BlackElo "1482"]
[PlyCount "60"]
[EventDate "2004.01.14"]
[EventType "swiss"]
[EventRounds "11"]
[EventCountry "AUS"]

1. d4 Nf6 2. Bg5 g6 3. Bxf6 exf6 4. g3 Bg7 5. Bg2 d6 6. e3 O-O 7. Ne2 Nc6 8. c4
Re8 9. O-O Bg4 10. h3 Bxe2 11. Qxe2 Nxd4 12. Qd2 Nc6 13. Nc3 f5 14. Rab1 Rb8
15. Rfd1 Ne5 16. Qe2 Nd7 17. Nd5 Nc5 18. b4 Ne4 19. Bxe4 fxe4 20. c5 c6 21. Nf4
d5 22. b5 Qa5 23. bxc6 bxc6 24. Qc2 a6 25. Ne2 Rb5 26. Rxb5 axb5 27. Nd4 Bxd4
28. Rxd4 Ra8 29. Rd2 Qa3 30. g4 Ra4 0-1

[Event "Aust Junior Open "]
[Site "Perth "]
[Date "2004.01.25"]
[Round "11.23"]
[White "Chu, Louis"]
[Black "Guzel, Adam"]
[Result "1/2-1/2"]
[WhiteElo "1125"]
[BlackElo "1346"]
[PlyCount "61"]
[EventDate "2004.01.14"]
[EventType "swiss"]
[EventRounds "11"]
[EventCountry "AUS"]

1. e4 e5 2. Nf3 Nc6 3. Bc4 Nf6 4. d3 h6 5. c3 Be7 6. b4 d6 7. O-O Be6 8. Nbd2
O-O 9. Qb3 d5 10. exd5 Bxd5 11. Bxd5 Qxd5 12. Qxd5 Nxd5 13. Bb2 Nf4 14. b5 Nxd3
15. bxc6 Nxb2 16. cxb7 Rad8 17. Nxe5 Rxd2 18. Nc6 Bf6 19. b8=Q Rxb8 20. Nxb8
Bxc3 21. Rac1 Ba5 22. Na6 Bb6 23. Nb4 Ba5 24. a3 f6 25. Rc5 Bb6 26. Rc2 Rxc2
27. Nxc2 Nd3 28. Ne3 Kf7 29. Rd1 Ne5 30. Nf5 g6 31. Ne3 {...} 1/2-1/2

[Event "Aust Junior Open "]
[Site "Perth "]
[Date "2004.01.25"]
[Round "11.24"]
[White "Tse, Jeffrey"]
[Black "Scott, Christopher"]
[Result "1-0"]
[WhiteElo "1337"]
[BlackElo "857"]
[PlyCount "57"]
[EventDate "2004.01.14"]
[EventType "swiss"]
[EventRounds "11"]
[EventCountry "AUS"]

1. e4 d6 2. d4 Nf6 3. Nc3 g6 4. Be3 Bg7 5. Bc4 O-O 6. f3 e5 7. Qd2 exd4 8. Bxd4
Nc6 9. Be3 Qe7 10. O-O-O Re8 11. g4 Ne5 12. Be2 Be6 13. Bh6 Nexg4 14. fxg4 Bxg4
15. Bxg7 Kxg7 16. Bxg4 Nxg4 17. Nge2 Nf2 18. Qd4+ Qe5 19. Qxf2 c6 20. Rhf1 Re7
21. Nd4 d5 22. exd5 cxd5 23. Rde1 Qg5+ 24. Qd2 Qxd2+ 25. Kxd2 Rae8 26. Nxd5
Rxe1 27. Rxe1 Rd8 28. c4 f5 29. Ne6+ 1-0

[Event "Aust Junior Open "]
[Site "Perth "]
[Date "2004.01.25"]
[Round "11.25"]
[White "Maguire, Jesse"]
[Black "Slack Smith, Blair"]
[Result "1-0"]
[WhiteElo "1321"]
[BlackElo "1096"]
[PlyCount "33"]
[EventDate "2004.01.14"]
[EventType "swiss"]
[EventRounds "11"]
[EventCountry "AUS"]

1. e4 c5 2. c3 d5 3. exd5 Qxd5 4. d4 cxd4 5. cxd4 Nc6 6. Nf3 e5 7. Nc3 Qd8 8.
d5 Bg4 9. dxc6 Qxd1+ 10. Nxd1 Bb4+ 11. Nc3 Bxc3+ 12. bxc3 O-O-O 13. cxb7+ Kxb7
14. Rb1+ Kc8 15. Ba6+ Kc7 16. Rb7+ Kc6 17. Nxe5+ 1-0

[Event "Aust Junior Open "]
[Site "Perth "]
[Date "2004.01.25"]
[Round "11.26"]
[White "McGowan, Daniel"]
[Black "Humphries, Ryan"]
[Result "1-0"]
[WhiteElo "948"]
[BlackElo "1238"]
[PlyCount "34"]
[EventDate "2004.01.14"]
[EventType "swiss"]
[EventRounds "11"]
[EventCountry "AUS"]

1. e4 c5 2. Nf3 d6 3. d4 cxd4 4. Nxd4 Nf6 5. Nc3 g6 6. Be3 Bg7 7. Bc4 O-O 8.
Qd2 Ng4 9. Bg5 Qb6 10. O-O-O e5 11. Ndb5 a6 12. Nxd6 Qd4 13. Rhe1 Nxf2 14. Be3
Qxd2+ 15. Rxd2 Ng4 16. Nxf7 Nxh2 17. Ng5+ Kh8 1-0

[Event "Aust Junior Open "]
[Site "Perth "]
[Date "2004.01.25"]
[Round "11.27"]
[White "Vinciguerra, Andrew"]
[Black "Arnold, Matthew"]
[Result "1-0"]
[WhiteElo "1176"]
[BlackElo "883"]
[PlyCount "59"]
[EventDate "2004.01.14"]
[EventType "swiss"]
[EventRounds "11"]
[EventCountry "AUS"]

1. e4 c5 2. Nf3 Nc6 3. d4 Nxd4 4. Nxd4 cxd4 5. Qxd4 Qc7 6. Nc3 e5 7. Nd5 Qxc2
8. Qxe5+ Kd8 9. Be3 d6 10. Qd4 Be6 11. Rc1 Qxc1+ 12. Bxc1 Rc8 13. Be3 b6 14.
Bd3 f6 15. O-O Ne7 16. Rc1 Nc6 17. Qa4 Ne5 18. Rxc8+ Bxc8 19. Qc2 Bb7 20. Qc7+
Ke8 21. Bb5+ Bc6 22. Bxc6+ Nxc6 23. Qxc6+ Kf7 24. Qc7+ Kg6 25. Qxa7 b5 26. Qb8
h6 27. g3 Kh7 28. Qxb5 Rg8 29. Qd7 Kg6 30. a4 1-0

[Event "Aust Junior Open "]
[Site "Perth "]
[Date "2004.01.25"]
[Round "11.30"]
[White "Ung, Josephine"]
[Black "Beltrami, Matthew"]
[Result "0-1"]
[WhiteElo "332"]
[BlackElo "1208"]
[PlyCount "70"]
[EventDate "2004.01.14"]
[EventType "swiss"]
[EventRounds "11"]
[EventCountry "AUS"]

1. d4 Nf6 2. Nf3 g6 3. e3 Bg7 4. Bd3 d6 5. c3 Nbd7 6. Nbd2 O-O 7. O-O Re8 8.
Re1 e5 9. e4 c6 10. b3 Qc7 11. Qc2 b6 12. c4 exd4 13. Nxd4 Nxe4 14. Bxe4 Bxd4
15. Rb1 Nc5 16. Bb2 Bxb2 17. Qxb2 Be6 18. Qc3 Rad8 19. Qf3 Bd7 20. Re3 Nxe4 21.
Nxe4 Rxe4 22. Rbe1 Rxe3 23. Rxe3 Re8 24. Rxe8+ Bxe8 25. Qe4 Qd7 26. g4 Qe6 27.
Qd3 Bd7 28. h3 Qf6 29. Qd2 c5 30. Qc1 Bc6 31. Kf1 Qf3 32. Qg5 Qd3+ 33. Ke1 Bf3
34. Qd8+ Kg7 35. Qe7 Qd1# 0-1